000 00389nam a2200133Ia 4500
008 220120s9999||||xx |||||||||||||| ||und||
020 _a9780070702066
082 _a621.38132 MAH
100 _aMahadevaswamy, U.B
245 0 _aAnalog electronic circuits
260 _aPearson education of asia
_bNew Delhi
_c2014
300 _aXXVIII, 829p.
_b465
650 _aELECTRONICS AND COMMUNICATIONS
999 _c132806
_d132806